Szczegóły MARC21

Perspective sociocognitive sur l'apprentissage des langues étrangères : situation naturelle ou guidée /

005 -DATA I CZAS OSTATNIEJ MODYFIKACJI [,]
    • @
    • pole kontrolne
    • 20090723133436.0
020 -Międzynarod. znormalizowany nr książki - ISBN [ , ]
    • a
    • Numer ISBN
    • 9782296041523 Find
040 -Instytucja sporządzająca opis [ , ]
    • a
    • Instytucja, która sporządziła opis (NP)
    • SZCZ U/SA
    • c
    • Instytucja, która sporządziła rekord (NP)
    • SZCZ U/SA
    • d
    • Instytucja, która zmodyfikowała rekord (P)
    • SZCZ U/AP
041 -Język dokumentu [0, ]
    • a
    • Język tekstu (P)
    • francuski
044 -Kraj miejsca wydania [ , ]
    • a
    • Kraj miejsca wydania
    • Francja
942 -Rodzaj dokumentu [ , ]
    • c
    • Rodzaj dokumentu
    • Książka
100 -Hasło główne - nazwa osobowa [1, ]
    • a
    • Nazwa osobowa (NP)
    • Griggs, Peter
245 -Strefa tytułu i oznaczenia odpowiedzialności [1,0]
    • a
    • Tytuł
    • Perspective sociocognitive sur l'apprentissage des langues étrangères : Find
    • b
    • Ciąg dalszy tytułu (NP)
    • situation naturelle ou guidée / Find
    • c
    • Pozostałe elementy strefy tytułu i oznaczenia odpowiedzialności (NP)
    • Peter Griggs.
260 -Strefa adresu wydawniczego [ , ]
    • a
    • Miejsce wydania (P)
    • Paris :
    • b
    • Nazwa wydawcy (P)
    • L'Harmattan,
    • c
    • Data wydania (P)
    • cop. 2007.
300 -Strefa opisu fizycznego [ , ]
    • a
    • Określenie formy książki i/lub objętość (NP)
    • 208 s. ;
    • c
    • Format (NP)
    • 22 cm.
440 -Strefa serii i książki wielotomowej - forma do wyszukiwania [ ,0]
    • a
    • Tytuł (NP)
    • Collection Langue & Parole Find
504 -Uwaga dot. bibliogr. załącznikowej [ , ]
    • a
    • Uwaga dot. bibliografii załącznikowej
    • Bibliogr.
080 -Uniwersalna Klasyfikacja Dziesiętna [ , ]
    • 2
    • Identyfikator wydania tablic
    • UDC-P058
    • a
    • Symbol klasyfikacji
    • 81’27
    • b
    • Dopowiedzenie
    • Socjolingwistyka. Stosowanie języka.
    • x
    • Poddział wspólny
    • =133.1
    • b
    • Dopowiedzenie
    • =Język francuski.
080 -Uniwersalna Klasyfikacja Dziesiętna [ , ]
    • 2
    • Identyfikator wydania tablic
    • UDC-P058
    • a
    • Symbol klasyfikacji
    • 81’23
    • b
    • Dopowiedzenie
    • Psycholingwistyka. Psychologia języka. Język a myślenie. Neurolingwistyka. Patologia mowy. Afazja.
    • x
    • Poddział wspólny
    • =133.1
    • b
    • Dopowiedzenie
    • =Język francuski.
080 -Uniwersalna Klasyfikacja Dziesiętna [ , ]
    • 2
    • Identyfikator wydania tablic
    • UDC-P058
    • a
    • Symbol klasyfikacji
    • 316.77
    • b
    • Dopowiedzenie
    • Socjologia komunikowania. Komunikacja społeczna. Wpływ środków masowego przekazu, decydentów, cenzury. Sprzężenie zwrotne komunikowania. Kultura audiowizualna.
    • x
    • Poddział wspólny
    • =133.1
    • b
    • Dopowiedzenie
    • =Język francuski.
080 -Uniwersalna Klasyfikacja Dziesiętna [ , ]
    • 2
    • Identyfikator wydania tablic
    • UDC-P058
    • a
    • Symbol klasyfikacji
    • 37.016:811
    • b
    • Dopowiedzenie
    • Nauczanie języków.
    • x
    • Poddział wspólny
    • =133.1
    • b
    • Dopowiedzenie
    • =Język francuski.
980 -Symbol UKD [ , ]
    • a
    • UKD
    • 81’27:81’23:316.77:37.016:811]=133.1
920 -ISBN [ , ]
    • a
    • ISBN
    • 978-2-296-04152-3 Find
Sygnatura Data inwentaryzacji Lokalizacja Status udost. Numer inwentarzowy
FR. Dydaktyka jęz. obcych 062009-06-09BM1A.8482